| 000 | 00651nam a2200193 i 4500 | ||
|---|---|---|---|
| 001 | 85339 | ||
| 003 | ES-MaACL | ||
| 005 | 20250810063030.0 | ||
| 007 | t| | ||
| 008 | 041126s1914 sp ||||1| spa d | ||
| 100 | 1 |
_aJordana de Pozas, Luis, _d1890-1983 _966931 |
|
| 245 | 1 | 3 |
_aLa organización agraria en Inglaterra / _cpor Luis Jordana de Pozas. |
| 260 |
_aZaragoza : _b[s.n.], _c1914 ( _fG. Casañal) |
||
| 300 |
_a4, 4, 4, 4, 4 p. ; _c23 cm. |
||
| 500 | _aComprende las: "Hojas divulgadoras" nºs, 151, 155, 156, 192. | ||
| 651 | 4 |
_aInglaterra- _xPolítica agraria. _9139432 |
|
| 852 |
_aES-MaACL _jT-1411-F-1 |
||
| 999 |
_c85339 _d85339 |
||